Temas de derecho cooperativo; exposiciones realizadas en las jornadas de derecho cooperativo del cen /
Guardado en:
| Formato: | Libro |
|---|---|
| Publicado: |
Argentina :
Intercoop,
1986
|
| Materias: | |
| Etiquetas: |
Agregar Etiqueta
Sin Etiquetas, Sea el primero en etiquetar este registro!
|
| LEADER | 01064nam a22001575a 4500 | ||
|---|---|---|---|
| 001 | CEM.cems003418 | ||
| 005 | 19000101000000.0 | ||
| 008 | 130507s1986##################000#0#####d | ||
| 003 | CEMS | ||
| 082 | 0 | 4 | |a 334 |
| 245 | 0 | 0 | |a Temas de derecho cooperativo; exposiciones realizadas en las jornadas de derecho cooperativo del cen / |
| 260 | |a Argentina : |b Intercoop, |c 1986 | ||
| 300 | |a 159 p. | ||
| 505 | 0 | |a Definicion de cooperativa; Principios cooperativos; Surgimiento y desarrollo de las cooperativas; Integracion cooperativa; Educacion cooperativa; Relacion de las cooperativas con el Estado, las mutualidades, los sindicatos y los asalariados; Cooperativas de consumo; Cooperativas agrarias; Cooperativas de trabajo; Cooperativas de credito; Cooperativas de vivienda; Cooperativas de servicios publicos; Cooperativas escolares; Otros tipos de cooperativas; Leyes y organismos publicos que rigen y fiscalizan las cooperativas; Organizacion y administracion de las cooperativas | |
| 653 | |a Acto cooperativo-teoria | ||
| 859 | |a CEMS |b BIB. CEMS - 11 de abril |h 334 |i In8-2 |p 15401.89 |t Ej.1 | ||
